Gemeinden im Landkreis Reutlingen - Statistiken

Allgemein
  • Dieses Quiz wurde 108 mal gespielt
  • Das Durchschnittsergebnis liegt bei 9 aus 26
Antwortstatistiken
% Korrekt
Metzingen
73%
Pfullingen
69%
Reutlingen
69%
Münsingen
65%
Bad Urach
63%
Eningen unter Achalm
45%
Dettingen/Erms
43%
Engstingen
37%
Hayingen
37%
Sonnenbühl
37%
St. Johann
37%
Pliezhausen
33%
Riederich
33%
Zwiefalten
31%
Gomadingen
29%
Grabenstetten
27%
Lichtenstein
27%
Trochtelfingen
27%
Wannweil
27%
Römerstein
22%
Walddorfhäslach
22%
Hohenstein
20%
Mehrstetten
20%
Pfronstetten
20%
Hülben
16%
Grafenberg
12%
Keine übereinstimmenden Quizze gefunden
Verteilung der Resultate
Anzahl Personen mit jedem Resultat
Perzentil nach korrekt beantworteten Fragen
Ihre Resultats-Entwicklung
Sie haben dieses Quiz noch nicht gespielt